000
00160 a2200085 4500
041
_a
spa
100
_a
FANOR TELLEZ
245
_a
EL PIE SOBRE EL CAMINO
942
_c
BK
999
_c
2464
_d
2464